| 000 | 00685cab a2200241 4500 | ||
|---|---|---|---|
| 001 | ABS59491 | ||
| 008 | 090401t1998 xxu||||| |||| 00| 0 eng d | ||
| 035 | _a(Sirsi) u89432 | ||
| 041 | _aeng | ||
| 100 | _aHeighton, M. | ||
| 245 | _aFair means or foul-up? | ||
| 260 | _c1998 | ||
| 350 | _a0 | ||
| 490 |
_aEstates Gazette _v(9843) 24 October 1998, 124-125(2) |
||
| 520 | _aWarns that apportioning service charges on the basis of rateable value can be problematic. | ||
| 650 | _aAPPORTIONMENT | ||
| 650 | _aRATEABLE VALUE | ||
| 650 | _aRATING REVALUATION 2000 | ||
| 650 | _aSERVICE CHARGES | ||
| 690 | _aPROPERTY-LANDLORD AND TENANT | ||
| 942 | _n0 | ||
| 948 | _c03/11/1998 | ||
| 999 |
_c56575 _d56575 |
||